00879nam a2200265 i 450000100060000000300090000600500170001500700030003200800410003502000220007608000160009808000210011410000390013524500910017425000120026526000370027730000220031449000180033665000290035465100430038383000260042685200220045299900170047495201220049166986ES-MaACL20250819085724.0t|030630s2003 sp ||||0| spa d a978-84-8460-254-5 a329.18(460) a94(460)"1955/75"1 aAlfaya, Javier, d1939-201891982710aCrónica de los años perdidos b: la España del tardofranquismo /cJavier Alfaya. a1ª ed. aMadrid : bTemas de Hoy, c2003. a255 p. ; c23 cm.1 aHistoria viva17aFranquismo2embne912981 4aEspaña-xHistoria-y1955-1975.983371 aHistoria viva9183067 aES-MaACLjL-27496 c66986d66986 00104070aATENEOMbATENEOMcDEPO2d2008-01-17eSCl0oL-27496p1070158r2023-02-23 00:00:00w2023-02-23yMONOGRAFIA